01806nam a2200337 i 4500003000400000005001700004008004200021020003900063040002500102082001400127090001800141100003300159245009200192264004300284264001100327300004000338336002100378337002500399338002300424520075000447521001401197650005001211650003401261650003801295655002501333655002001358655002101378700003901399942001101438999001901449OSt20260507103804.0260507t20212021nyuab brb 000 j eng  a9780593897997cRM 47.95qpaperback aPPAKbengcPPAKerda04223a813.600a813.6bJAHdK1 aJahn-Clough, Lisa,eauthor. 10aTHE KIDS OF CATTYWAMPUS STREET /cLISA JAHN-CLOUGH ; Illustrations by Natalie Andrewson 1aNew York, NY :bA Yearling Book,c2021 4c©2021 a114 pages :billustrations ;c20 cm atext2rdacontent aunmediated2rdamedia avolume2rdacarrier aIt's a long, twisty road in the middle of Nowheresville, where weird things happen pretty much every day. Here, you can: run around town with Mateo while he chases a silly little monkey. Whoa, watch out -- that monkey likes to throw things! Eat a waffle (or two, or three, or a hundred) with Hans, made by his lovely mommy. Hmmm, that's odd. Hans is looking more and more like a waffle himself... Tremble along with Ursula when she finds herself face to face with -- uh-oh! -- the ghost of the Waddlebee Toy Store. Inside this book, you'll discover eleven funny, scary, exciting, magical just plain wonderful stories about eleven utterly, outrageously unforgettable friends who, in some strange way, may just remind you a little bit of yourself.1 aAges 7-1010aChildren vConduct of life xJuvenile fiction20aFriendship vJuvenile fiction20aNeighborhoods vJuvenile fiction. 7aChildren's stories.  7aShort stories.  7aFantasy fiction.1 aAndrewson, Natalie, eillustrator. 2ddccB c204122d204122